|
|
|
|
| LEADER |
00000nam a2200000 a 4500 |
| 001 |
UCV8069 |
| 003 |
CL-VaPUC |
| 008 |
900514e19890000IT |||||||||||||||||ita|d |
| 041 |
0 |
7 |
|a ita
|2 CL-VaPUC
|
| 041 |
0 |
7 |
|a eng
|2 CL-VaPUC
|
| 041 |
0 |
7 |
|a ger
|2 CL-VaPUC
|
| 041 |
0 |
7 |
|a fre
|2 CL-VaPUC
|
| 082 |
0 |
4 |
|a 675
|b CAS
|2 21
|
| 110 |
2 |
|
|a Cassina
|e author
|9 302150
|
| 245 |
1 |
4 |
|a The leathers
|
| 246 |
1 |
0 |
|a Icuoi
|
| 246 |
1 |
4 |
|a Die leder
|
| 246 |
1 |
4 |
|a Les cuirs.
|
| 250 |
|
|
|a 2a. ed
|
| 300 |
|
|
|a 40 p
|
| 942 |
|
|
|c BK
|
| 945 |
|
|
|d 19900514 00:00:00
|
| 260 |
|
|
|a Milán
|b Cassina
|c 1989
|
| 650 |
|
7 |
|a CUERO CURTIDOINDUSTRIA Y COMERCIO.
|2 CL-VaPUC
|9 266002
|
| 650 |
|
7 |
|a PROCESOS DE MANUFACTURACUERO.
|2 CL-VaPUC
|9 266003
|
| 650 |
|
7 |
|a TRABAJOS EN CUERO.
|2 CL-VaPUC
|9 266004
|
| 583 |
|
|
|a last modification
|c 19900514 00:00:00
|k Rodrigo Vera
|
| 999 |
|
|
|c 213652
|d 213650
|
| 952 |
|
|
|0 0
|1 0
|4 0
|6 675_000000000000000_CAS_1989
|7 0
|8 A
|9 196238
|a BIBARQ
|b BIBARQ
|d 2019-11-14
|i 2641461
|o 675 CAS 1989
|p 2641461
|r 2025-01-20
|w 2019-11-14
|y BK
|k ARQ
|